Sports Quiz

Random Sports or Soccer Quiz

The 77 biggest transfers made by brazilian soccer clubs Quiz Stats

 Plays Quiz not verified by Sporcle

Challenge
Share
Tweet
Embed
Score 0/77 Timer 14:00
0 Plays Today
From ... to ... Player % Correct
Milan - Corinthians (2013)Alexandre Pato
91.8%
Boca Juniors - Corinthians (2005)Carlos Tevez
82.1%
Milan - Flamengo (2011)Ronaldinho
77.2%
River Plate - Corinthians (2005)Javier Mascherano
69%
Santos - São Paulo (2012)Paulo Henrique Ganso
66.8%
Sevilla - São Paulo (2011)Luis Fabiano
57.6%
Rennes - São Paulo (2002)Luis Fabiano
57.6%
Lyon - Corinthians (2006)Nilmar
52.7%
Barcelona - Flamengo (1995)Romario
52.2%
CSKA Moscow - Flamengo (2011)Vagner Love
50%
Spartak Moscow - Corinthians (2011)Alex
50%
Al Hilal - Fluminense (2012)Thiago Neves
46.2%
Bayer Leverkusen - Corinthians (2013)Renato Augusto
46.2%
Benfica - Vasco da Gama (2012)Eder Luis
46.2%
São Paulo - Internacional (2012)Oscar
45.7%
Cruzeiro - Santos (2013)Montillo
43.5%
Porto - Corinthians (2005)Carlos Alberto
43.5%
Universidad de Chile - Cruzeiro (2010)Montillo
43.5%
Al Ain - Palmeiras (2010)Jorge Valdivia
41.8%
Colo-colo - Palmeiras (2006)Jorge Valdivia
41.8%
Palmeiras - Flamengo (1995)Edmundo
39.7%
Dinamo Kiev - Atlético MG (2012)Guilherme
39.1%
Valenciennes - Corinthians (2013)Gil
39.1%
Portuguesa - Corinthians (2012)Guilherme
39.1%
River Plate - Cruzeiro (2000)Juan Pablo Sorin
36.4%
Coritiba - Palmeiras (2009)Keirrison
36.4%
Dinamo Kiev - Cruzeiro (2009)Kleber
35.3%
Hamburgo - Corinthians (2012)Paolo Guerrero
35.3%
Cruzeiro - Palmeiras (2010)Kleber
35.3%
Palmeiras - Grêmio (2012)Kleber
35.3%
Al Gharafa - Atlético Mineiro (2013)Diego Tardelli
34.8%
Huracan - Corinthians (2009)Matias Defederico
34.8%
Werder Bremen - Palmeiras (2012)Wesley
34.2%
LDU - Palmeiras (2012)Hernan Barcos
34.2%
Hamburgo - Flamengo (2011)Alex Silva
34.2%
Benfica - Palmeiras (2008)Diego Souza
33.7%
Palmeiras - Atlético MG (2010)Diego Souza
33.7%
Atlético MG - Vasco da Gama (2011)Diego Souza
33.7%
Dinamo Kiev - Atlético MG (2012)Andre
33.2%
From ... to ... Player % Correct
Atlético MG - Santos (2012)Andre
33.2%
Shakhtar Donetsk - São Paulo (2012)Jadson
32.6%
Grêmio - Atlético MG (2012)Victor
32.6%
Cruzeiro - Santos (2011)Henrique
32.1%
Galatasaray - Santos (2011)Elano
32.1%
Real Zaragoza - Internacional (2008)Andres D'Alessandro
31.5%
Benfica - Corinthians (2005)Roger
31.5%
Al Jazira - Fluminense (2012)Rafael Sobis
31.5%
Independiente - Santos (2012)Patito Rodriguez
31.5%
Internacional - Cruzeiro (2013)Dagoberto
31.5%
Atlético PR - São Paulo (2007)Dagoberto
31.5%
Porto - Grêmio (2013)Souza
27.7%
Paris Saint Germain - Grêmio (2008)Souza
27.7%
Newell's Old Boys - Corinthians (2005)Seba Dominguez
27.2%
Bahia - Flamengo (2013)Gabriel
26.6%
Avaí - Corinthians (2011)Renan
25%
Vélez Sarsfield - Corinthians (2012)Martinez
23.9%
Shakhtar Donetsk - Grêmio (2012)Marcelo Moreno
23.4%
Fluminense - Internacional (2012)Rafael Moura
22.8%
Toulouse - Palmeiras (2011)Luan
22.8%
Goiás - Fluminense (2011)Rafael Moura
22.8%
Hoffenheim - Botafogo (2010)Maicosuel
21.7%
São Paulo - SantosArouca
21.2%
São Paulo - Santos (1999)Dodo
20.7%
Al Wasl - Grêmio (2010)Douglas
20.7%
Botafogo - São Paulo (2012)Cortez
20.7%
Udinese - Internacional (2013)Willians
20.1%
Vitória - Botafogo (2011)Elkeson
19.6%
Venezia - Flamengo (2000)Petkovic
19%
Spartak Moscow - Santos (2011)Ibson
19%
Benfica - Vasco da Gama (2012)Fellipe Bastos
19%
Gaziantepspor - Fluminense (2012)Wagner
18.5%
Fiorentina - Internacional (2011)Mario Bolatti
15.8%
Espanyol - Internacional (2012)Jesus Datolo
13%
Universidad Catolica - Flamengo (2011)Dario Bottinelli
11.4%
Nacional - Atlético PR (2011)Morro Garcia
10.9%
Al Ahli - São Paulo (2012)Osvaldo
9.2%
Internacional - Corinthians (1977)Paulo Cesar Carpeggiani
4.3%

You're not logged in!

Compare scores with friends on all Sporcle quizzes.
OR
Log In

You Might Also Like...

Show Comments

Extras

Top Quizzes Today


Score Distribution

Your Account Isn't Verified!

In order to create a playlist on Sporcle, you need to verify the email address you used during registration. Go to your Sporcle Settings to finish the process.

Report this User

Report this user for behavior that violates our Community Guidelines.

Details: